Statistics for Countries Closest to Taiwan

Click here to take the quiz!

General Stats

  • This quiz has been taken 42,098 times
  • The average score is 17 of 20

Answer Stats

kmcountrymiles% Correct
4China3
100%
107Japan67
98%
990South Korea615
96%
1088Vietnam676
95%
1439North Korea894
95%
2033Indonesia1263
95%
156Philippines97
93%
1444Laos897
93%
1606Cambodia998
92%
1734Thailand1077
92%
1664Malaysia1034
91%
2115India1314
90%
2069Russia1296
88%
2195Mongolia1364
85%
1774Myanmar1102
85%
2599Bangladesh1615
79%
1977Brunei1228
75%
2628Bhutan1633
75%
2241F. S. Micronesia1392
58%
2116Palau1315
54%

Score Distribution

Percentile by Number Answered

Percent of People with Each Score

Your Score History

You have not taken this quiz